000 02223cam a22005414i 4500
003 PE-LiUPU
005 20250731184525.0
008 150616s r 000 0 d
020 _a8449916135
020 _a9788449916137
035 _a(Sirsi) i9788449916137
040 _aPE-LiUPU
_bspa
_cPE-LiUPU
_dPE-LiUPU
_erda
049 _aPRUA
082 0 4 _a985
_bM398
_221
100 1 _aCornejo Polar, Antonio,
_eautor.
245 1 0 _aHistoria de la literatura del Perú republicano.
_n8 /
_cAntonio Cornejo.
264 1 _aLima :
_bEditorial Juan Mejía Baca,
_c1981.
300 _a594 páginas :
_bilustraciones láms., cuadros, diagrs. ;
_c21 centímetros
336 _atext
_2rdacontent
337 _aunmediated
_2rdamedia
338 _avolume
_2rdacarrier
500 _aOtra edición 1980.
504 _aIncluye bibliografía.
505 0 _aHistoria de la literatura del Perú republicano -- Economía y trabajo (Perú, siglo XX) -- Arrquitectura y urbanismo en el antiguo Perú -- .
526 _aP136
526 _aP135
526 _aP134
526 _aP133
526 _aP144
526 _aP143
526 _aP87
526 _aP35
526 _aP20
526 _aP14
526 _aP10
526 _aP06
651 _aLiteratura peruana
_xHistoria
_yEpoca republicana.
910 _ajck
_bjvq
_cjck
942 _2ddc
_cBOOK
949 _a985 M39 8
_wDEWEY
_c1
_i20624
_lCCODEBUL1
_mBUL
_r0
_sY
_tBOOK
_u2015-4-23
_xEDUCACION
_PP20
_0COMPRA
_o.STAFF. Colección Ciencias Humanas y Educación
949 _a985 M39 8
_wDEWEY
_c2
_i19077
_d2016-5-23
_e2016-5-22
_lDISCARD
_mBUL
_n7
_r0
_sY
_tBOOK
_u2015-4-23
_xEDUCACION
_PP20
_0COMPRA
_o.STAFF. Colección General
994 _aC0
_bPEPRU
596 _a1
999 _a985 M39 8
_wDEWEY
_c19486
_i20624
_e2017-1-9
_f2021-11-8
_g5
_lCCODEBUL1
_mBUL
_n1
_p28.00
_r0
_sY
_tBOOK
_u2015-4-23
_xBIBLIOTECA
_PP20
_0COMPRA
_o.STAFF. Colección Ciencias Humanas y Educación
_d19486
999 _a985 M39 8
_wDEWEY
_c2
_i19077
_d2016-5-23
_e2016-5-22
_lDISCARD
_mBUL
_n7
_r0
_sY
_tBOOK
_u2015-4-23
_xEDUCACION
_PP20
_0COMPRA
_o.STAFF. Colección General
980 _81
_gALBERTO SANCHEZ Responsable de Automatización